[Event "Blankenburg op-B 13th"]
[Site "Blankenburg"]
[Date "2005.10.03"]
[Round "5"]
[White "Bosse, Peter"]
[Black "Hampe, Volker"]
[Result "0-1"]
[WhiteElo "1490"]
[BlackElo "1617"]
[PlyCount "100"]
[EventDate "2005.09.30"]
[EventType "swiss"]
[EventRounds "7"]
[EventCountry "GER"]
[SourceTitle "EXT 2007"]
[Source "ChessBase"]
[SourceDate "2006.11.23"]
[SourceVersion "1"]
[SourceVersionDate "2006.11.23"]
[SourceQuality "1"]

1. d4 e6 2. Nc3 d5 3. Nf3 Nf6 4. Bg5 Be7 5. e3 a6 6. Bd3 Nbd7 7. 0-0 c5 8. Be2 h6 9. Bh4 b5 10. Ne5 Bb7 11. Nxd7 Nxd7 12. Bxe7 Qxe7 13. a3 Bc6 14. dxc5 Nxc5 15. b4 Qf6 16. Qd4 Nd7 17. Qxf6 Nxf6 18. Bd3 Rc8 19. Ne2 e5 20. c3 0-0 21. Rac1 Bd7 22. Bb1 Rc7 23. Rfd1 Rfc8 24. f3 Be6 25. h3 g5 26. Kf2 Nd7 27. Ba2 Nb6 28. g4 Nc4 29. Bxc4 Rxc4 30. Rd3 Kg7 31. Ke1 Kg6 32. Kd2 R8c7 33. Rh1 Rc8 34. Ng3 e4 35. fxe4 dxe4 36. Rd6 Rxc3 37. Nxe4 Rxa3 38. Nc5 Kf6 39. Rxa6 Rxa6 40. Nxa6 Rc4 41. Rc1 Ke5 42. Nc5 Rxc1 43. Kxc1 Bc4 44. Kd2 Bf1 45. Nd3+ Bxd3 46. Kxd3 f5 47. gxf5 Kxf5 48. Kd4 h5 49. e4+ Ke6 50. Kc5 g4 0-1